Daň z príjmov transferové oceňovanie v príkladoch: nové pravidlo pre prirastanie podielov

Čiastková zmena v definícii ekonomického prepojenia, tzv pravidlo pre prirastane podielov. Ilustračné príklady.

Gespeichert in:
Bibliographische Detailangaben
1. Verfasser: Kočiš, Michal
Format: Buchkapitel
Sprache:Slowakisch
Schlagworte:
Tags: Tag hinzufügen
Keine Tags, Fügen Sie das erste Tag hinzu!

MARC

LEADER 00000naa a2200000 4500
001 0245500
005 20180614113408.5
041 0 |a slo 
044 |a SK 
245 1 0 |a Daň z príjmov  |b transferové oceňovanie v príkladoch: nové pravidlo pre prirastanie podielov  |c Michal Kočiš 
520 |a Čiastková zmena v definícii ekonomického prepojenia, tzv pravidlo pre prirastane podielov. Ilustračné príklady. 
610 2 0 |a oceňovanie transferové 
610 2 0 |a dane z príjmov 
610 2 0 |a ceny transferové 
610 2 0 |a zákony 
610 2 0 |a novelizácia 
100 1 |a Kočiš, Michal